[Event "Guernsey Holiday"]
[Site "Guernsey"]
[Date "2010.10.21"]
[Round "5"]
[White "Ryan, Robert"]
[Black "Le Maitre, Richard"]
[Result "1/2-1/2"]
[WhiteElo "1512"]
[BlackElo "1440"]
[PlyCount "80"]
[EventDate "2010.10.17"]
[EventType "swiss"]
[EventRounds "7"]
[SourceDate "2010.11.07"]

1. Nf3 d5 2. d4 g6 3. b3 Nf6 4. Bb2 Bg7 5. Nc3 O-O 6. e3 Nc6 7. Be2 Re8 8. O-O
Bf5 9. Bd3 Bg4 10. Be2 a6 11. Rb1 Rc8 12. a3 Na7 13. Ne5 Bxe2 14. Qxe2 c6 15.
Nd3 Qc7 16. Qf3 Nd7 17. Ne2 e6 18. Rfc1 Nf6 19. c4 Ne4 20. Rd1 Re7 21. Ng3 Nxg3
22. hxg3 Rce8 23. Qe2 Nc8 24. c5 Na7 25. a4 Nc8 26. b4 f6 27. Qg4 e5 28. dxe5
fxe5 29. Qg5 Re6 30. Kh2 Bf6 31. Qg4 Qg7 32. Ba1 h5 33. Qe2 Ne7 34. Qf1 Nf5 35.
b5 axb5 36. axb5 cxb5 37. Rxb5 Rc6 38. Rdb1 Rc7 39. Qd1 Rce7 40. Qa4 Nh6
1/2-1/2

[Event "Guernsey Holiday"]
[Site "Guernsey"]
[Date "2010.10.21"]
[Round "5"]
[White "Bateman, Kerry"]
[Black "Bennett, David"]
[Result "1-0"]
[WhiteElo "1490"]
[BlackElo "1352"]
[PlyCount "39"]
[EventDate "2010.10.17"]
[EventType "swiss"]
[EventRounds "7"]
[SourceDate "2010.11.07"]

1. e4 e6 2. d4 c5 3. Nf3 Nf6 4. Bg5 Qa5+ 5. c3 Nxe4 6. Bh4 Nc6 7. d5 Ne7 8.
dxe6 dxe6 9. Nbd2 Nxd2 10. Qxd2 Nd5 11. Bc4 Ne7 12. O-O-O Qc7 13. Bg3 Qd7 14.
Qe2 Qa4 15. Bb5+ Qxb5 16. Qxb5+ Nc6 17. Ne5 a6 18. Nxc6 Bd7 19. Qxb7 Rd8 20.
Nxd8 1-0

[Event "Guernsey Holiday"]
[Site "Guernsey"]
[Date "2010.10.21"]
[Round "5"]
[White "Cox, Marian"]
[Black "Kaye, Michael J"]
[Result "1/2-1/2"]
[WhiteElo "1416"]
[BlackElo "1456"]
[PlyCount "63"]
[EventDate "2010.10.17"]
[EventType "swiss"]
[EventRounds "7"]
[SourceDate "2010.11.07"]

1. e4 c5 2. Nf3 d6 3. Nc3 g6 4. b3 Bg7 5. Bb2 e5 6. Nd5 Be6 7. Bc4 Nc6 8. Bc3
Nf6 9. Nxf6+ Bxf6 10. Bxe6 fxe6 11. d3 O-O 12. Bd2 d5 13. O-O Rf7 14. c3 d4 15.
c4 Qe7 16. Qc1 Qf8 17. a4 a5 18. Bg5 Bxg5 19. Qxg5 Qg7 20. Rad1 Raf8 21. Qg4
Nd8 {(=)} 22. Ng5 Rf6 23. Qg3 Nc6 24. Nf3 Rf4 25. h4 h6 26. Rd2 Qf6 27. Kh2 h5
28. Ng5 Rg4 29. Qh3 Qf4+ 30. Kg1 Qxd2 31. Nxe6 Rf6 32. Nxc5 1/2-1/2

[Event "Guernsey Holiday"]
[Site "Guernsey"]
[Date "2010.10.21"]
[Round "5"]
[White "Williams, Peter R"]
[Black "Cox, Reginald E"]
[Result "0-1"]
[WhiteElo "1160"]
[BlackElo "1304"]
[PlyCount "48"]
[EventDate "2010.10.17"]
[EventType "swiss"]
[EventRounds "7"]
[SourceDate "2010.11.07"]

1. d4 Nf6 2. Nf3 b6 3. g3 Bb7 4. Bg2 d5 5. O-O e6 6. Bg5 Be7 7. c3 O-O 8. Nbd2
h6 9. Bxf6 Bxf6 10. Re1 Nd7 11. e4 dxe4 12. Nxe4 Bxe4 13. Rxe4 Re8 14. Ne5 Nxe5
15. dxe5 Be7 16. Rd4 Qxd4 17. cxd4 Rad8 18. Qa4 a5 19. Bc6 Rf8 20. f4 Rxd4 21.
Qc2 Bc5 22. Kf1 Rfd8 23. Bf3 Rd2 24. Qe4 Rf2+ 0-1

[Event "Guernsey Holiday"]
[Site "Guernsey"]
[Date "2010.10.22"]
[Round "6"]
[White "Baart, Edwin"]
[Black "Hoogakker, Peter"]
[Result "1/2-1/2"]
[WhiteElo "1689"]
[BlackElo "1800"]
[PlyCount "54"]
[EventDate "2010.10.17"]
[EventType "swiss"]
[EventRounds "7"]
[SourceDate "2010.11.07"]

1. d4 d5 2. Nf3 Nf6 3. Bg5 Nbd7 4. c4 e6 5. Nc3 c6 6. e3 Qa5 7. Bxf6 Nxf6 8. a3
Ne4 9. Qc2 Bb4 10. Rc1 Bxc3+ 11. bxc3 Qxa3 12. Bd3 Nf6 13. O-O Qe7 14. cxd5
exd5 15. c4 h6 16. cxd5 Nxd5 17. Be4 Be6 18. Rfe1 O-O 19. Ne5 Nf6 20. Bf3 Nd7
21. Nd3 Qg5 22. Qb2 Rab8 23. Qa3 a6 24. Nf4 Bg4 25. Be4 Nf6 26. Rc5 Nd5 27.
Nxd5 cxd5 1/2-1/2

[Event "Guernsey Holiday"]
[Site "Guernsey"]
[Date "2010.10.22"]
[Round "6"]
[White "Sandijck, Pieter"]
[Black "Kearsley, Raymond J"]
[Result "1-0"]
[WhiteElo "1698"]
[BlackElo "1688"]
[PlyCount "115"]
[EventDate "2010.10.17"]
[EventType "swiss"]
[EventRounds "7"]
[SourceDate "2010.11.07"]

1. d4 Nf6 2. c4 g6 3. Nc3 d5 4. Bf4 Bg7 5. e3 O-O 6. Nf3 c6 7. Be2 Nbd7 8. Ne5
dxc4 9. Nxc4 Nd5 10. Bg3 b5 11. Nxd5 cxd5 12. Nd2 e5 13. Nb3 Bb7 14. O-O Qb6
15. Rc1 Rac8 16. Qd2 a5 17. Qxa5 Qxa5 18. Nxa5 Ba6 19. Rc6 Rxc6 20. Nxc6 exd4
21. exd4 Nb6 22. b3 Re8 23. Bf3 Bb7 24. Ne5 Rc8 25. Bf4 Rc2 26. Ra1 Bf8 27. Bd1
Rc8 28. Rc1 Ba3 29. Rxc8+ Bxc8 30. Bc2 Bb2 31. Be3 Bb7 32. Nd3 Bc3 33. Nc5 Bc8
34. a4 bxa4 35. Nxa4 Nxa4 36. bxa4 Kf8 37. f3 Ke7 38. Kf2 Bd7 39. g4 Kd6 40. h4
f6 41. h5 f5 42. Bf4+ Ke6 43. Be5 Be8 44. h6 Bd2 45. Bg7 Bd7 46. gxf5+ gxf5 47.
Ke2 Bg5 48. Kd3 Kf7 49. Kc3 Bd8 50. Kb4 Ke6 51. Bd3 Kd6 52. Be5+ Ke6 53. Bb5
Bc8 54. a5 Be7+ 55. Ka4 Bb7 56. a6 Ba8 57. Be8 Bd8 58. Kb5 1-0

[Event "Guernsey Holiday"]
[Site "Guernsey"]
[Date "2010.10.22"]
[Round "6"]
[White "Kershaw, Graham J"]
[Black "Roberts, Malcolm A"]
[Result "0-1"]
[WhiteElo "1664"]
[BlackElo "1704"]
[PlyCount "72"]
[EventDate "2010.10.17"]
[EventType "swiss"]
[EventRounds "7"]
[SourceDate "2010.11.07"]

1. e4 e6 2. d4 d5 3. Nd2 dxe4 4. Nxe4 Nd7 5. Nf3 Ngf6 6. Bd3 b6 7. O-O Bb7 8.
Re1 Be7 9. c3 O-O 10. Qc2 Re8 11. Ne5 Nxe4 12. Bxe4 Bxe4 13. Rxe4 Nf6 14. Rh4
g6 15. Rh3 Qd5 16. Bh6 c5 17. Be3 Rac8 18. Rd1 Red8 19. Rg3 Bd6 20. Bf4 Nh5 21.
Nxg6 Nxg3 22. Ne5 Bxe5 23. Bxe5 Nf5 24. Qd2 cxd4 25. Qg5+ Kf8 26. Bf6 Rd6 27.
g4 h6 28. Qf4 Ne7 29. Qxh6+ Ke8 30. Qh8+ Kd7 31. Qg7 Rg8 32. Qxf7 Rxg4+ 33. Kf1
Qh1+ 34. Ke2 Re4+ 35. Kd2 dxc3+ 36. Kxc3 Qf3+ 0-1

[Event "Guernsey Holiday"]
[Site "Guernsey"]
[Date "2010.10.22"]
[Round "6"]
[White "Onwezen, Eric"]
[Black "Haisma, Henk"]
[Result "0-1"]
[WhiteElo "1673"]
[BlackElo "1690"]
[PlyCount "57"]
[EventDate "2010.10.17"]
[EventType "swiss"]
[EventRounds "7"]
[SourceDate "2010.11.07"]

1. e4 c5 2. Nc3 Nc6 3. g3 d6 4. Bg2 Nf6 5. d3 g6 6. Nge2 Bg7 7. Bg5 a6 8. Qd2
h6 9. Be3 Ng4 10. f3 Nxe3 11. Qxe3 b5 12. g4 b4 13. Nd1 Qa5 14. Qd2 Qb6 15. Ng3
a5 16. h4 Be6 17. h5 g5 18. Nf5 Be5 19. c3 Bf4 20. Qc2 Rc8 21. Nde3 Qb7 22. Nd5
Bxd5 23. exd5 Ne5 24. Qa4+ Kf8 25. Qc2 e6 26. dxe6 fxe6 27. d4 Nc4 28. Qe2 d5
29. b3 0-1

[Event "Guernsey Holiday"]
[Site "Guernsey"]
[Date "2010.10.22"]
[Round "6"]
[White "Wood, Peter C"]
[Black "Norman, Dinah M"]
[Result "1/2-1/2"]
[WhiteElo "1768"]
[BlackElo "1712"]
[PlyCount "37"]
[EventDate "2010.10.17"]
[EventType "swiss"]
[EventRounds "7"]
[SourceDate "2010.11.07"]

1. Nf3 d5 2. d4 Nf6 3. c4 c6 4. Nc3 e6 5. e3 Nbd7 6. Bd3 dxc4 7. Bxc4 b5 8. Bd3
b4 9. Ne4 Bb7 10. Nxf6+ Nxf6 11. O-O Be7 12. Bd2 a5 13. Rc1 O-O 14. Qe2 Rc8 15.
Ba6 Qb6 16. Bxb7 Qxb7 17. Rc4 c5 18. dxc5 Bxc5 19. Rfc1 1/2-1/2

[Event "Guernsey Holiday"]
[Site "Guernsey"]
[Date "2010.10.22"]
[Round "6"]
[White "Glover, John"]
[Black "De Silver, Arthur F"]
[Result "1/2-1/2"]
[WhiteElo "1760"]
[BlackElo "1592"]
[PlyCount "96"]
[EventDate "2010.10.17"]
[EventType "swiss"]
[EventRounds "7"]
[SourceDate "2010.11.07"]

1. Nf3 c5 2. c4 Nc6 3. Nc3 g6 4. g3 Bg7 5. Bg2 Nf6 6. d4 cxd4 7. Nxd4 O-O 8.
O-O Nxd4 9. Qxd4 d6 10. Qd3 Rb8 11. Be3 b6 12. Rac1 Bf5 13. Qd2 Ng4 14. b3 Nxe3
15. Qxe3 Qd7 16. Rfe1 Bh3 17. Bh1 Rbc8 18. Qd2 Rc5 19. e3 e6 20. Ne4 Rh5 21.
Qxd6 Qxd6 22. Nxd6 Rd8 23. Ne4 Ra5 24. Re2 e5 25. f3 Bc8 26. Kf2 f5 27. Nc3 Rc5
28. Ke1 Rd3 29. Nd5 Bb7 30. e4 Bxd5 31. exd5 Rdxd5 32. Rd1 Rxd1+ 33. Kxd1 Rc7
34. Rd2 Bf6 35. a4 Kf7 36. Rd5 Ke6 37. Kc2 Rd7 38. Rxd7 Kxd7 39. Bg2 a5 40. Kd3
Kd6 41. Bf1 Kc5 42. Be2 h6 43. h3 Kb4 44. Kc2 e4 45. fxe4 fxe4 46. g4 g5 47.
Bf1 e3 48. Be2 Bc3 1/2-1/2

[Event "Guernsey Holiday"]
[Site "Guernsey"]
[Date "2010.10.22"]
[Round "6"]
[White "Vonhoff, Nils"]
[Black "Ruigrok, Jacques"]
[Result "1-0"]
[WhiteElo "1637"]
[BlackElo "1752"]
[PlyCount "87"]
[EventDate "2010.10.17"]
[EventType "swiss"]
[EventRounds "7"]
[SourceDate "2010.11.07"]

1. e4 e5 2. f4 Bc5 3. Nf3 d6 4. Bc4 Nf6 5. Nc3 Nc6 6. h3 O-O 7. f5 Nd4 8. d3 c6
9. Bg5 d5 10. exd5 Bxf5 11. dxc6 bxc6 12. Nxd4 exd4 13. Ne2 Bb4+ 14. c3 dxc3
15. bxc3 Ba5 16. O-O Bg6 17. Bxf6 gxf6 18. Qd2 Qd6 19. Qf4 Qxf4 20. Rxf4 Rfe8
21. d4 Bh5 22. g4 Bg6 23. Rxf6 Rxe2 24. Bxe2 Bxc3 25. Rd1 c5 26. Ra6 Bxd4+ 27.
Kg2 Rb8 28. Rxa7 Rb2 29. Kf3 Be4+ 30. Kxe4 Rxe2+ 31. Kf3 Re3+ 32. Kg2 Re2+ 33.
Kg3 Re4 34. Rf1 Be5+ 35. Kh4 Bf4 36. a4 h6 37. a5 Bg5+ 38. Kg3 Re3+ 39. Rf3
Bh4+ 40. Kg2 Re2+ 41. Kg1 f6 42. a6 c4 43. Rc7 Ra2 44. a7 1-0

[Event "Guernsey Holiday"]
[Site "Guernsey"]
[Date "2010.10.22"]
[Round "6"]
[White "Vonhoff, Joerg"]
[Black "Finch, Russell"]
[Result "1/2-1/2"]
[WhiteElo "1613"]
[BlackElo "1656"]
[PlyCount "86"]
[EventDate "2010.10.17"]
[EventType "swiss"]
[EventRounds "7"]
[SourceDate "2010.11.07"]

1. e4 c5 2. Nf3 d6 3. d4 cxd4 4. Nxd4 Nf6 5. Nc3 e6 6. Be2 Be7 7. Be3 O-O 8.
Qd2 a6 9. g4 Qc7 10. g5 Ne8 11. h4 b5 12. Bd3 Nc6 13. Nxc6 Qxc6 14. h5 g6 15.
hxg6 fxg6 16. f4 Rf7 17. Qh2 Bb7 18. O-O-O Qc7 19. Rdf1 Bd8 20. Qh6 Qe7 21. Rf3
Rc8 22. Rfh3 Rg7 23. Rf1 b4 24. Ne2 d5 25. Ng3 Qc7 26. Bd4 Rf7 27. Qxg6+ Kf8
28. Qxe6 Rxf4 29. Be5 Rxf1+ 30. Nxf1 Bxg5+ 31. Kd1 Qf7 32. Qxf7+ Kxf7 33. Rxh7+
Ke6 34. Rxb7 Kxe5 35. exd5 a5 36. Rb5 Bd8 37. Ne3 Nd6 38. b3 Nxb5 39. Bxb5 Kd4
40. Nc4 Kxd5 41. a3 Rc5 42. a4 Kd4 43. Nd2 Rh5 1/2-1/2

[Event "Guernsey Holiday"]
[Site "Guernsey"]
[Date "2010.10.22"]
[Round "6"]
[White "Beadle, John"]
[Black "Timmerman, Peter"]
[Result "1-0"]
[WhiteElo "1648"]
[BlackElo "1606"]
[PlyCount "97"]
[EventDate "2010.10.17"]
[EventType "swiss"]
[EventRounds "7"]
[SourceDate "2010.11.07"]

1. e4 e5 2. Nf3 Nc6 3. Bc4 Bc5 4. c3 Nf6 5. d3 h6 6. O-O O-O 7. Nbd2 d6 8. h3
a6 9. a4 a5 10. Re1 Re8 11. Nf1 d5 12. exd5 Nxd5 13. Qb3 Nce7 14. Rxe5 c6 15.
Bd2 Nf5 16. Rxe8+ Qxe8 17. Bxd5 cxd5 18. Qxd5 Bb6 19. Qb3 Bc7 20. Re1 Qc6 21.
Ne5 Bxe5 22. Rxe5 Nh4 23. Qd5 Bd7 24. Qxc6 Bxc6 25. Ne3 Ng6 26. Rc5 Bxa4 27.
Nd5 Bc6 28. Nb6 Rd8 29. d4 Ne7 30. Rxa5 f6 31. Ra8 Rxa8 32. Nxa8 Kf7 33. Nb6
Ke6 34. c4 Nd5 35. cxd5+ Bxd5 36. Nxd5 Kxd5 37. Bc3 Kc4 38. Kf1 b5 39. Ke2 b4
40. Bxb4 Kxb4 41. Kd3 f5 42. g4 fxg4 43. hxg4 g6 44. Ke4 h5 45. gxh5 gxh5 46.
f4 Kb5 47. f5 Kc6 48. Kf4 Kd5 49. Kg5 1-0

[Event "Guernsey Holiday"]
[Site "Guernsey"]
[Date "2010.10.22"]
[Round "6"]
[White "Collins, Alan"]
[Black "Grange, David"]
[Result "1/2-1/2"]
[WhiteElo "1600"]
[BlackElo "1648"]
[PlyCount "63"]
[EventDate "2010.10.17"]
[EventType "swiss"]
[EventRounds "7"]
[SourceDate "2010.11.07"]

1. d4 d5 2. Nf3 e6 3. Bf4 Nf6 4. e3 c5 5. c3 a6 6. Be2 Nc6 7. O-O h6 8. h3 g5
9. Be5 Rg8 10. Bxf6 Qxf6 11. Nh2 Qe7 12. Bh5 Bd7 13. Qf3 e5 14. dxe5 Nxe5 15.
Qxd5 O-O-O 16. Rd1 Bg7 17. Qd6 Qxd6 18. Rxd6 Nc4 19. Rd5 Bc6 20. Rxc5 Nxb2 21.
Na3 Na4 22. Rf5 Bxc3 23. Rd1 Rxd1+ 24. Bxd1 f6 25. Nf3 Nb6 26. Bb3 Rd8 27. Nc4
Nxc4 28. Bxc4 Kb8 29. Bb3 Rc8 30. Nd4 Bxd4 31. exd4 Rf8 32. d5 1/2-1/2

[Event "Guernsey Holiday"]
[Site "Guernsey"]
[Date "2010.10.22"]
[Round "6"]
[White "Van Rooijen, Gerardus C"]
[Black "Van Hoek, Wim"]
[Result "0-1"]
[WhiteElo "1496"]
[BlackElo "1783"]
[PlyCount "114"]
[EventDate "2010.10.17"]
[EventType "swiss"]
[EventRounds "7"]
[SourceDate "2010.11.07"]

1. d4 d5 2. c4 e6 3. cxd5 exd5 4. Nc3 Nf6 5. Nf3 c6 6. e3 Bd6 7. Bd3 Qe7 8. O-O
Ne4 9. Ne2 O-O 10. Ng3 f5 11. Nd2 Bxg3 12. fxg3 Nxg3 13. Rf3 Ne4 14. Nxe4 fxe4
15. Rxf8+ Qxf8 16. Be2 Nd7 17. Bd2 Nf6 18. a3 Qf7 19. h3 Be6 20. Qb3 Qd7 21.
Rf1 Rf8 22. Qb4 Rf7 23. Qa4 a6 24. Qd1 g6 25. Qe1 Ne8 26. Rxf7 Qxf7 27. Qg3 Qd7
28. Qg5 Kg7 29. Qh4 h6 30. Be1 g5 31. Qf2 Qf7 32. Qg3 Qc7 33. Qf2 Nf6 34. Qf1
Kg6 35. g4 c5 36. Qg2 cxd4 37. exd4 Qc1 38. Qf2 Qxb2 39. Bb4 Qc1+ 40. Bf1 Qf4
41. Bd2 Qxf2+ 42. Kxf2 Bd7 43. Kg3 h5 44. Be2 h4+ 45. Kf2 Ba4 46. Bb4 Nd7 47.
Ke3 b5 48. Kd2 Bb3 49. Bd1 Bxd1 50. Kxd1 Nb6 51. Kc2 Nc4 52. Kc3 Ne3 53. Ba5
Ng2 54. Kb4 e3 55. Kc5 Nf4 56. Kb6 Nxh3 57. Kxa6 Nf2 0-1

[Event "Guernsey Holiday"]
[Site "Guernsey"]
[Date "2010.10.22"]
[Round "6"]
[White "Brooker, Chris H"]
[Black "Harnden, Terry"]
[Result "1/2-1/2"]
[WhiteElo "1776"]
[BlackElo "1411"]
[PlyCount "138"]
[EventDate "2010.10.17"]
[EventType "swiss"]
[EventRounds "7"]
[SourceDate "2010.11.07"]

1. f4 g6 2. e4 d6 3. Nf3 c5 4. Na3 Nf6 5. d3 e6 6. Be2 Nc6 7. O-O Bg7 8. Qe1
Nd4 9. Nxd4 cxd4 10. Nc4 O-O 11. Nd2 Bd7 12. Qh4 Ne8 13. Qh3 Rc8 14. Bd1 e5 15.
f5 Nf6 16. Nf3 Ba4 17. b3 Bd7 18. g4 h5 19. gxh5 Nxh5 20. Rf2 Nf4 21. Bxf4 exf4
22. Rg2 Bf6 23. Qh6 Bg7 24. Qxf4 Qf6 25. Qh4 Qxh4 26. Nxh4 Kh7 27. fxg6+ fxg6
28. Nxg6 Rf7 29. Bh5 Rf6 30. Ne7 Rc5 31. Nd5 Rh6 32. Bf3 Bh3 33. Rf2 Rg6+ 34.
Bg2 Rg5 35. Raf1 Rc8 36. Ne7 Re8 37. Nf5 Rf8 38. Nxg7 Kxg7 39. Rd2 Rf6 40. Rxf6
Kxf6 41. Kf1 Bg4 42. Rf2+ Ke7 43. Bf3 Bh3+ 44. Bg2 Bd7 45. Rf3 Bg4 46. Rg3 Kf6
47. Ke1 b6 48. h3 Be6 49. Rxg5 Kxg5 50. Kf2 Kf4 51. Bf1 Bd7 52. Kg2 Ke3 53. Kg3
Kd2 54. Kf4 Kxc2 55. e5 dxe5+ 56. Kxe5 Kc3 57. h4 Bg4 58. Kf4 Bh5 59. Kg5 Bf3
60. h5 Bxh5 61. Kxh5 Kb2 62. Bg2 Kxa2 63. Bd5 b5 64. Bc6 a6 65. Bb7 Kxb3 66.
Bxa6 b4 67. Kg4 Kc3 68. Bc4 b3 69. Bxb3 Kxd3 1/2-1/2

[Event "Guernsey Holiday"]
[Site "Guernsey"]
[Date "2010.10.22"]
[Round "6"]
[White "Kok, Franciscus"]
[Black "Curry, William"]
[Result "0-1"]
[WhiteElo "1666"]
[BlackElo "1480"]
[PlyCount "50"]
[EventDate "2010.10.17"]
[EventType "swiss"]
[EventRounds "7"]
[SourceDate "2010.11.07"]

1. d4 Nf6 2. c4 d5 3. cxd5 Nxd5 4. Nc3 Nxc3 5. bxc3 e6 6. Nf3 b6 7. e4 Bb7 8.
Bd3 h6 9. Qc2 Be7 10. O-O c5 11. Be3 Qc7 12. Ne5 Nc6 13. Bb5 O-O 14. Nxc6 Bxc6
15. Bxc6 Qxc6 16. Rac1 Rac8 17. Qb1 Rb8 18. Rfd1 Rfd8 19. f3 c4 20. Qb2 b5 21.
d5 exd5 22. exd5 Rxd5 23. Rxd5 Qxd5 24. Bxa7 Ra8 25. Qf2 Rxa7 0-1

[Event "Guernsey Holiday"]
[Site "Guernsey"]
[Date "2010.10.22"]
[Round "6"]
[White "Kirk, Matthew"]
[Black "Jongerius, Marc"]
[Result "1-0"]
[WhiteElo "1591"]
[BlackElo "1625"]
[PlyCount "127"]
[EventDate "2010.10.17"]
[EventType "swiss"]
[EventRounds "7"]
[SourceDate "2010.11.07"]

1. d4 Nf6 2. c4 e6 3. Nc3 d5 4. Bg5 Nbd7 5. cxd5 exd5 6. Nxd5 Nxd5 7. Bxd8 Bb4+
8. Qd2 Bxd2+ 9. Kxd2 Kxd8 10. e3 N7f6 11. Bc4 Be6 12. Rc1 Rc8 13. Bb3 Ne4+ 14.
Ke2 Re8 15. f3 Nd6 16. Bxd5 Bxd5 17. b3 f5 18. Nh3 Kd7 19. Nf4 Bf7 20. Rc2 Nb5
21. Kf2 Re7 22. Nd3 Ke8 23. Rhc1 Kf8 24. Ne5 Bd5 25. Rc5 Bc6 26. Nxc6 bxc6 27.
Rxf5+ Rf7 28. Rfc5 Rf6 29. Rxc6 Rxc6 30. Rxc6 Ke7 31. d5 Kd7 32. e4 Rb8 33. Ke3
Rb6 34. Rc2 c6 35. dxc6+ Rxc6 36. Rxc6 Kxc6 37. Kd3 Kd6 38. f4 Ke6 39. g4 Kd6
40. Kc4 Na3+ 41. Kb4 Nc2+ 42. Kb5 Nd4+ 43. Ka6 Ne2 44. Kxa7 Nxf4 45. b4 Nd3 46.
b5 Nc5 47. b6 Kc6 48. h4 h6 49. e5 g5 50. hxg5 hxg5 51. e6 Kd6 52. e7 Kxe7 53.
b7 Nd7 54. b8=Q Nxb8 55. Kxb8 Kd6 56. a4 Kc6 57. a5 Kb5 58. Kc7 Kxa5 59. Kd6
Kb6 60. Ke5 Kc7 61. Kf5 Kd7 62. Kxg5 Ke8 63. Kh6 Kf8 64. Kh7 1-0

[Event "Guernsey Holiday"]
[Site "Guernsey"]
[Date "2010.10.22"]
[Round "6"]
[White "Goman, Colin R"]
[Black "Foster, Paul"]
[Result "1-0"]
[WhiteElo "1518"]
[BlackElo "1568"]
[PlyCount "161"]
[EventDate "2010.10.17"]
[EventType "swiss"]
[EventRounds "7"]
[SourceDate "2010.11.07"]

1. d4 Nf6 2. Nf3 e6 3. e3 b6 4. Bd3 Bb7 5. O-O d5 6. c3 Nbd7 7. Nbd2 c5 8. Re1
Bd6 9. e4 dxe4 10. Nxe4 Nxe4 11. Bxe4 Bxe4 12. Rxe4 Nf6 13. Bg5 Qc7 14. Bxf6
gxf6 15. Qa4+ Ke7 16. Rae1 f5 17. Rh4 h5 18. Qc2 Kd7 19. Qe2 Rag8 20. dxc5 bxc5
21. Rd1 Ke7 22. Rc4 Rg4 23. h3 Rxc4 24. Qxc4 Bf4 25. Qe2 h4 26. Rd5 Kf6 27. Rd1
Kg6 28. Re1 Kf6 29. b3 a5 30. c4 Rh6 31. Qb2+ Kg6 32. Ne5+ Kh7 33. Qc3 Bg5 34.
Qd3 Kg7 35. Qd7 Qxd7 36. Nxd7 Be7 37. Re5 Bd6 38. Re2 f4 39. Ne5 Rh5 40. Nf3 e5
41. Rd2 Rh6 42. Nxh4 Rxh4 43. Rxd6 f3 44. gxf3 Rxh3 45. Kg2 Rh4 46. Rd5 f6 47.
Rxc5 a4 48. Rc7+ Kg6 49. Rd7 axb3 50. axb3 Kf5 51. Rd3 Rh8 52. Kf1 e4 53. fxe4+
Kxe4 54. Ke2 Rc8 55. f3+ Ke5 56. Kd2 Ra8 57. Ke3 Ra1 58. Ke2 Ra2+ 59. Rd2 Ra3
60. Rd3 Ra2+ 61. Ke3 Ra1 62. f4+ Ke6 63. Rd2 f5 64. b4 Rb1 65. b5 Re1+ 66. Kf3
Rc1 67. Rd4 Rc3+ 68. Ke2 Rb3 69. Rd3 Rb2+ 70. Ke3 Rc2 71. Rd4 Rb2 72. Kd3 Rb1
73. Kc2 Rb4 74. Kc3 Rb1 75. Rd2 Ke7 76. Rb2 Rc1+ 77. Kd4 Kd6 78. b6 Rd1+ 79.
Kc3 Rc1+ 80. Kd2 Rxc4 81. b7 1-0

[Event "Guernsey Holiday"]
[Site "Guernsey"]
[Date "2010.10.22"]
[Round "6"]
[White "Cox, Reginald E"]
[Black "Nalichowski, Bogdan"]
[Result "0-1"]
[WhiteElo "1304"]
[BlackElo "1602"]
[PlyCount "98"]
[EventDate "2010.10.17"]
[EventType "swiss"]
[EventRounds "7"]
[SourceDate "2010.11.07"]

1. e4 e5 2. Bc4 Bc5 3. Nc3 Nc6 4. d3 Qh4 5. Qf3 Nf6 6. g3 Qg4 7. h3 Qg6 8. Nb5
Bb6 9. Bd2 a6 10. Nc3 Nd4 11. Qd1 c6 12. Na4 Ba7 13. Nc3 O-O 14. Nge2 Nf3+ 15.
Kf1 d5 16. exd5 cxd5 17. Nxd5 b5 18. Ne7+ Kh8 19. Nxg6+ fxg6 20. Ng1 Nxd2+ 21.
Qxd2 bxc4 22. Qb4 Bf5 23. Qxc4 e4 24. g4 Bxg4 25. hxg4 Nxg4 26. Nh3 Ne3+ 27.
Ke2 Nxc4 28. dxc4 Rac8 29. b3 h6 30. Rad1 g5 31. Rd7 Bc5 32. Rd5 g4 33. Ng5
Rxf2+ 34. Kd1 Rg2 35. Nxe4 Bb4 36. Ng5 Re8 37. Nf7+ Kh7 38. Ng5+ Kg6 39. c3
Bxc3 40. Nf7 Kxf7 41. Rf1+ Kg8 42. Rd3 Bb4 43. Kc1 Rxa2 44. Kb1 Ree2 45. Rd8+
Kh7 46. Rff8 Bc3 47. Rh8+ Kg6 48. Rd6+ Kh5 49. Rd5+ Kh4 0-1

[Event "Guernsey Holiday"]
[Site "Guernsey"]
[Date "2010.10.22"]
[Round "6"]
[White "Rowe, Oliver"]
[Black "Herschmann, Heinz"]
[Result "1/2-1/2"]
[WhiteElo "1506"]
[BlackElo "1480"]
[PlyCount "54"]
[EventDate "2010.10.17"]
[EventType "swiss"]
[EventRounds "7"]
[SourceDate "2010.11.07"]

1. d4 d5 2. Nf3 e6 3. Bf4 Bd6 4. Bg3 Bxg3 5. hxg3 Nc6 6. e3 Nf6 7. c3 Bd7 8.
Bd3 O-O 9. Nbd2 g6 10. Ne5 Kg7 11. Qe2 Nxe5 12. dxe5 Ng8 13. Qg4 f5 14. exf6+
Qxf6 15. O-O-O Rad8 16. Rh2 e5 17. Rdh1 h6 18. Qf3 Qxf3 19. gxf3 c5 20. e4 Bc6
21. exd5 Bxd5 22. Bc4 Bxf3 23. Nxf3 Rxf3 24. Bxg8 Rxg8 25. Rxh6 Kf6 26. Rh7 Rg7
27. Rxg7 Kxg7 1/2-1/2

[Event "Guernsey Holiday"]
[Site "Guernsey"]
[Date "2010.10.22"]
[Round "6"]
[White "Bateman, Kerry"]
[Black "Welch, Hazel"]
[Result "0-1"]
[WhiteElo "1490"]
[BlackElo "1520"]
[PlyCount "76"]
[EventDate "2010.10.17"]
[EventType "swiss"]
[EventRounds "7"]
[SourceDate "2010.11.07"]

1. e4 c5 2. d4 cxd4 3. c3 d3 4. Bf4 d6 5. Nf3 Nc6 6. Bxd3 Nf6 7. O-O g6 8. Qe2
Bg7 9. Nbd2 O-O 10. Rad1 Bd7 11. Nc4 a6 12. e5 Nd5 13. Bg3 b5 14. Ne3 Nb6 15.
exd6 e6 16. Be4 Rc8 17. Bb1 Na4 18. Rd3 Qb6 19. Ng4 Nc5 20. Rd2 Rfe8 21. Nge5
b4 22. Qe3 Red8 23. Qf4 f6 24. Ng4 Rf8 25. Qe3 e5 26. Ngxe5 fxe5 27. Rd5 Na5
28. Nxe5 Qb5 29. cxb4 Qxb4 30. Nxd7 Nxd7 31. Qe6+ Rf7 32. Bd3 Nc4 33. Rc1 Qxb2
34. Bf4 Ndb6 35. d7 Rd8 36. Rxc4 Qa1+ 37. Bf1 Nxc4 38. Rc5 Qd4 {(0-1, Time)}
0-1

[Event "Guernsey Holiday"]
[Site "Guernsey"]
[Date "2010.10.22"]
[Round "6"]
[White "Bakkes, Frits"]
[Black "Cox, Marian"]
[Result "0-1"]
[WhiteElo "1565"]
[BlackElo "1416"]
[PlyCount "84"]
[EventDate "2010.10.17"]
[EventType "swiss"]
[EventRounds "7"]
[SourceDate "2010.11.07"]

1. e4 e5 2. Nf3 Nc6 3. d4 exd4 4. Nxd4 Nge7 5. Nc3 Nxd4 6. Qxd4 Nc6 7. Qd1 Bb4
8. Bd2 O-O 9. Qf3 d6 10. O-O-O Ne5 11. Qg3 Ng6 12. f4 Qh4 13. Qxh4 Nxh4 14. a3
Bxc3 15. Bxc3 Ng6 16. g3 Re8 17. Bg2 c6 18. Rxd6 f6 19. Rhd1 Kf7 20. Rd8 Ne7
21. Bb4 g6 22. Rxe8 Kxe8 23. Bxe7 Kxe7 24. b4 h5 25. h4 a6 26. c4 Bd7 27. c5
Rd8 28. Kc2 Rb8 29. Kc3 b5 30. cxb6 Rxb6 31. Bf1 Bc8 32. Kc4 Rb8 33. Kc5 Bd7
34. Bxa6 Ra8 35. Bb7 Rxa3 36. Bxc6 Rc3+ 37. Kd4 Rxc6 38. e5 fxe5+ 39. fxe5 Be6
40. Rb1 Rc4+ 41. Ke3 Bf5 42. b5 Bxb1 0-1

[Event "Guernsey Holiday"]
[Site "Guernsey"]
[Date "2010.10.22"]
[Round "6"]
[White "Jones, Sid A"]
[Black "Ryan, Robert"]
[Result "1/2-1/2"]
[WhiteElo "1416"]
[BlackElo "1512"]
[PlyCount "46"]
[EventDate "2010.10.17"]
[EventType "swiss"]
[EventRounds "7"]
[SourceDate "2010.11.07"]

1. d4 d5 2. c4 c6 3. Nc3 Nf6 4. Bg5 e6 5. Nf3 Be7 6. e3 O-O 7. Bd3 dxc4 8. Bxc4
Nd5 9. Bxe7 Qxe7 10. O-O Nd7 11. Re1 N7f6 12. Ne5 Qc7 13. Rc1 a6 14. a3 Ne7 15.
Bd3 Bd7 16. Ne4 Nxe4 17. Bxe4 Rad8 18. Qc2 g6 19. Qe2 f6 20. Nxd7 Qxd7 21. Rc5
Kg7 22. Rec1 Nd5 23. Bxd5 exd5 1/2-1/2

[Event "Guernsey Holiday"]
[Site "Guernsey"]
[Date "2010.10.22"]
[Round "6"]
[White "Le Maitre, Richard"]
[Black "Kaye, Michael J"]
[Result "1-0"]
[WhiteElo "1440"]
[BlackElo "1456"]
[PlyCount "57"]
[EventDate "2010.10.17"]
[EventType "swiss"]
[EventRounds "7"]
[SourceDate "2010.11.07"]

1. Nf3 d5 2. g3 e6 3. Bg2 a6 4. d3 Bc5 5. O-O Nd7 6. Nbd2 Ne7 7. b3 O-O 8. Bb2
c6 9. e4 dxe4 10. Nxe4 Ba7 11. Qd2 f6 12. Qc3 Nd5 13. Qd2 Qc7 14. c4 Ne7 15.
Rae1 e5 16. d4 Ng6 17. d5 c5 18. Rd1 b5 19. d6 Qc6 20. Ne1 Qb6 21. Nxf6+ gxf6
22. Bxa8 Bb7 23. Bxb7 Qxb7 24. cxb5 axb5 25. Nc2 Re8 26. Ne3 Bb8 27. Nf5 Kf7
28. Qh6 Ke6 29. Ng7+ 1-0